Online
Catalog

Cooperativismo : (Record no. 7144)

MARC details
000 -CABECERA
campo de control de longitud fija 00642nam a2200169 a 4500
001 - NÚMERO DE CONTROL
campo de control 000007363
005 - FECHA Y HORA DE LA ÚLTIMA TRANSACCIÓN
campo de control 20200929154137.0
008 - DATOS DE LONGITUD FIJA--INFORMACIÓN GENERAL
campo de control de longitud fija 090908s2003 pr a r 000 0 spa d
040 ## - FUENTE DE LA CATALOGACIÓN
Centro catalogador/agencia de origen DO-SdBNP
Lengua de catalogación spa
Centro/agencia transcriptor BNPHU
082 ## - NÚMERO DE LA CLASIFICACIÓN DECIMAL DEWEY
Número de clasificación xxxx
Número de documento/Ítem P123c
100 1# - ENTRADA PRINCIPAL--NOMBRE DE PERSONA
Nombre de persona Padilla Rodríguez, Humberto
9 (RLIN) 9382
245 10 - MENCIÓN DE TÍTULO
Título Cooperativismo :
Resto del título una década de luchas (1994-2003) /
Mención de responsabilidad, etc. Humberto Padilla Rodríguez ; prólogo Francisco A. Catalá Oliveras.
260 ## - PUBLICACIÓN, DISTRIBUCIÓN, ETC.
Lugar de publicación, distribución, etc. Santo Domingo
Fabricante Amigo del Hogar
Fecha de publicación, distribución, etc. 2003.
300 ## - DESCRIPCIÓN FÍSICA
Extensión 206 p. :
Otras características físicas il. ;
Dimensiones 23 cm.
500 ## - NOTA GENERAL
Nota general Incluye datos biográficos del autor en la página 203
700 1# - PUNTO DE ACCESO ADICIONAL--NOMBRE DE PERSONA
Nombre de persona Catalá Oliveras, Francisco A.,
Término indicativo de función/relación pról.
9 (RLIN) 20487
Holdings
Estado de retiro Estado de pérdida Restricciones de uso No para préstamo Código de colección Localización permanente Ubicación/localización actual Ubicación en estantería Fecha de adquisición Número de inventario Total de préstamos Signatura topográfica completa Código de barras Fecha visto por última vez Precio válido a partir de Tipo de ítem Koha
        Monografías: Libros y Folletos General General Depósito 08.09.2009 LF1   xxxx P123c 7363-10 25.06.2020 25.06.2020 Préstamo en sala

Powered by Koha